Statistiques concernant Premiers départements de France à atteindre 1M d'habitants

Cliquez ici pour prendre le quiz!

Statistiques générales

  • Ce quiz a été pris 225 fois
  • Le résultat moyen est 10 sur 23

Statistiques - réponses

DatePopulation actuelleDépartement% Correct
18332 604 361Nord
96%
18442 187 526Paris
93%
19292 024 162Bouches-du-Rhône
69%
19271 843 319Rhône
69%
19051 468 018Pas-de-Calais
64%
19351 609 306Hauts-de-Seine
49%
19681 583 384Gironde
47%
19601 623 111Seine-Saint-Denis
46%
19641 387 926Val-de-Marne
42%
19731 438 266Yvelines
38%
19591 254 378Seine-Maritime
37%
19961 083 310Alpes-Maritimes
31%
19961 125 559Bas-Rhin
31%
19831 394 909Loire-Atlantique
31%
19881 228 618Val-d'Oise
31%
19841 296 130Essonne
30%
19961 362 672Haute-Garonne
30%
19881 403 997Seine-et-Marne
29%
20061 144 892Hérault
28%
20081 058 740Var
28%
19891 258 722Isère
27%
20121 060 199Ille-et-Vilaine
26%
19741 043 522Moselle
23%

Distribution des résultats

Percentile par nombre de réponses

% des personnes avec chaque résultat

Votre développement - résultats

Vous n’avez pas pris ce quiz